Normal view MARC view
  • Farndon, John

Entry Personal Name

Number of records used in: 1

001 - CONTROL NUMBER

  • control field: 82523

003 - CONTROL NUMBER IDENTIFIER

  • control field: NUST

005 - DATE AND TIME OF LATEST TRANSACTION

  • control field: 20210920121813.0

008 - FIXED-LENGTH DATA ELEMENTS

  • fixed length control field: 210920|| aca||aabn | a|a d

040 ## - CATALOGING SOURCE

  • Original cataloging agency: NUST
  • Transcribing agency: NUST

100 ## - HEADING--PERSONAL NAME

  • Personal name: Farndon, John

670 ## - SOURCE DATA FOUND

  • Source citation: Work cat.: (NUST): Farndon, John , Atlas Of Oceans An Ecological Survey Of Underwater Life, 2021
© 2023 Central Library, National University of Sciences and Technology. All Rights Reserved.